000 006320000a22001810004500
003 MACL
005 20160205115434.0
008 160205b xxu||||| |||| 00| 0 eng d
040 _aMACL
_cMACL
041 _aHindi
082 _a020
100 _aसेयर्स डब्‍ल्‍यू. सी. बरविक
_936953
245 _aग्रन्‍थालय वर्गीकरण की भूमिका
260 _bमध्‍यप्रदेश हिन्‍दी ग्रन्‍थ
_c1984
_aभोपाल
350 _a30
650 _aLibrary & Inf Science
_936940
942 _cHIN
_k020
_2ddc
999 _c29404
_d29404